Elitek, modellek, szerepek. 2
Elmentve itt :
| Szerző: | |
|---|---|
| Adatforrás: | Meister |
| Forrásdokumentuma: | Korunk. - 5 sz., 1999, 89-101 p. |
| Nyelv: | magyar |
| Kulcsszavak: | politika-szociológia jövő elit kisebbségi kérdés jövőkép rendszerváltás magyar elit (romániai) Bánság |
| LEADER | 00557nab a2200205 i 4500 | ||
|---|---|---|---|
| 001 | bibPRO00003629 | ||
| 008 | 060524s1999 xx hun | ||
| 040 | |a Sz1 | ||
| 041 | |a hun | ||
| 100 | 1 | |a BAKK Miklós ; BODÓ Barna | |
| 245 | 1 | 0 | |a Elitek, modellek, szerepek. 2 |c BAKK Miklós ; BODÓ Barna |
| 695 | |a politika-szociológia | ||
| 695 | |a jövő | ||
| 695 | |a elit | ||
| 695 | |a kisebbségi kérdés | ||
| 695 | |a jövőkép | ||
| 695 | |a rendszerváltás | ||
| 695 | |a magyar elit (romániai) | ||
| 695 | |a Bánság | ||
| 773 | 0 | |t Korunk. - |g 5 sz., 1999, 89-101 p. | |